000 00720nam a22002297a 4500
005 20251108173415.0
008 250721s2004 xx 000 0 ara d
020 _a9953300690
082 1 4 _aم/ط/551.163/شفا
100 1 _aشفا، فخرية
245 1 0 _aموسوعة مملكة الطبيعة : أسرار الأرض و الكون /
264 1 _aبيروت :
_bدار الراتب الجامعية،
_c2004.
300 _a5مج
490 0 _aموسوعة مملكة الطبيعة
650 1 7 _aالارض
650 1 7 _aعلم الكونيات
650 1 7 _aالطبيعة
653 _aعلم الأرض
653 _aناشئون صغار (10-14 سنة)
942 _2ddc
_cBK
999 _c103142
_d103142